Kinetics of heterogeneous catalytic reactions /
Guardado en:
| Autor Principal: | |
|---|---|
| Otros Autores: | |
| Formato: | Libro |
| Idioma: | English French |
| Publicado: |
Princeton, N.J. :
Princeton University Press,
c1984.
|
| Series: | Physical chemistry (Princeton, N.J.)
|
| Materias: | |
| Etiquetas: |
Agregar Etiqueta
Sin Etiquetas, Sea el primero en etiquetar este registro!
|
| LEADER | 01227cam a2200325 a 4500 | ||
|---|---|---|---|
| 001 | EIQ.libpla004600 | ||
| 008 | 830822s1984####njua#####b####001#0#eng## | ||
| 005 | 20160920154940.0 | ||
| 245 | 1 | 0 | |a Kinetics of heterogeneous catalytic reactions / |c Michel Boudart and G. Djéga-Mariadassou. |
| 260 | |a Princeton, N.J. : |b Princeton University Press, |c c1984. | ||
| 300 | |a xviii, 222 p. : |b il. ; |c 25 cm. | ||
| 490 | 1 | |a Physical Chemistry: Science and Engineering | |
| 500 | |a Traducción de: Cinétique des réactions en catalyse hétérogène. | ||
| 504 | |a Incluye referencias bibliográficas e índices. | ||
| 020 | |a 0691083460 (alk. paper) : |c $35.00 | ||
| 020 | |a 0691083479 (pbk.) : |c $13.50 | ||
| 100 | 1 | |a Boudart, Michel. | |
| 240 | 1 | 0 | |a Cinétique des réactions en catalyse hétérogène. |l Inglés |
| 700 | 1 | |a Djéga-Mariadassou, G. | |
| 830 | 0 | |a Physical chemistry (Princeton, N.J.) | |
| 082 | 0 | 0 | |a 541.3/95 |2 19 |
| 650 | 0 | |a Heterogeneous catalysis. | |
| 650 | 0 | |a Chemical kinetics. | |
| 650 | 7 | |a Catálisis heterogénea | |
| 650 | 7 | |a Cinética química | |
| 010 | |a 83043062 | ||
| 040 | |a DLC |c DLC |d DLC | ||
| 041 | 1 | |a eng |h fre | |
| 050 | 0 | 0 | |a QD505 |b .B6913 1984 |
| 859 | |a AR-BbSID |b BIB. PLAPIQUI |h 541.395 |i B66 |p 6496 | ||
